The Keith Haring show
Salvato in:
| Autori principali: | , |
|---|---|
| Natura: | Libro |
| Lingua: | italiano inglese |
| Pubblicazione: |
Milán
Skira
2005
|
| Soggetti: | |
| Tags: |
Aggiungi Tag
Nessun Tag, puoi essere il primo ad aggiungerne!!
|
MARC
| LEADER | 00000nam a2200000 a 4500 | ||
|---|---|---|---|
| 001 | UCG2384 | ||
| 003 | CL-VaPUC | ||
| 008 | 100708e20050000IT |||||||||||||||||ita|d | ||
| 041 | 0 | 7 | |a ita |2 CL-VaPUC |
| 041 | 0 | 7 | |a eng |2 CL-VaPUC |
| 082 | 0 | 4 | |a 709.04071 |b MER |2 21 |
| 100 | |a Mercurio, Gianni |e autor |9 550888 | ||
| 700 | 0 | |a Gruen, Julia |e author |9 550889 | |
| 245 | 1 | 4 | |a The Keith Haring show |
| 300 | |a 404 p | ||
| 942 | |c BK | ||
| 945 | |d 20100708 00:00:00 |a dcastane | ||
| 260 | |a Milán |b Skira |c 2005 | ||
| 650 | 0 | |a Arte pop |9 267708 | |
| 650 | 0 | |a Estilos artísticos |9 340996 | |
| 650 | 0 | |a Arte contemporáneo |9 338008 | |
| 650 | 0 | |a Pintura |9 265046 | |
| 650 | 0 | |a Escultura |9 265737 | |
| 583 | |a last modification |c 20100708 00:00:00 |k Rodrigo Vera | ||
| 999 | |c 341599 |d 341597 | ||
| 952 | |0 0 |1 0 |4 0 |6 709_040710000000000_MER_2005 |7 0 |8 R |9 437214 |a BIBART |b BIBART |d 2019-11-22 |i 4689801 |l 6 |o 709.04071 MER 2005 |p 4689801 |q 2025-07-31 |r 2025-03-13 |s 2024-12-19 |w 2019-11-22 |y BK_R |k ART | ||